00221nam a2200097Ia 4500008004100000100001600041245003500057260000900092300000900101650001300110190216s9999||||xx |||||||||||||| ||und|| aSrinath L S 0aNetwork Based Mangement System bNull a508p aCommerce